Introduction: Normalizing the Inconceivable (notice n° 1614065)
[ vue normale ]
| 000 -LEADER | |
|---|---|
| fixed length control field | 01714cam a2200157 4500500 |
| 005 - DATE AND TIME OF LATEST TRANSACTION | |
| control field | 20260111054531.0 |
| 041 ## - LANGUAGE CODE | |
| Language code of text/sound track or separate title | fre |
| 042 ## - AUTHENTICATION CODE | |
| Authentication code | dc |
| 100 10 - MAIN ENTRY--PERSONAL NAME | |
| Personal name | Rozhanskiy, Mikhail |
| Relator term | author |
| 245 00 - TITLE STATEMENT | |
| Title | Introduction: Normalizing the Inconceivable |
| 260 ## - PUBLICATION, DISTRIBUTION, ETC. | |
| Date of publication, distribution, etc. | 2025.<br/> |
| 500 ## - GENERAL NOTE | |
| General note | 63 |
| 520 ## - SUMMARY, ETC. | |
| Summary, etc. | The aim of this four-part paper, prepared on the basis of field surveys carried out in the spring of 2022, is to leave some record for history of how the current war against Ukraine is affecting Russian society. In his introduction, Mikhail Rozhanskiy explains the methods of the field survey that served as collective material, and the approaches used, mainly in sociology, anthropology and cultural studies. The paper comprises two research articles and two field notes. Elena Korkina shows the emergence of a “temporality of crisis” made up of ruptures and accommodations with the “chronopolitics” of the Russian State, in which individuals partly divert their attention from the ongoing war against Ukraine. Mikhail Rozhanskiy sets out the different reactions to the war from different generations, while also showing the heuristic limitations of this approach. Nika Podolsky identifies three types of use of culture in times of war - but far from the fighting and the bombings themselves. And Lidia Shantina lists the ways in which the interviewees resort to the canons of culture and literature, with four discursive strategies: trauma, loss, apocalypse and “holy war”. |
| 786 0# - DATA SOURCE ENTRY | |
| Note | Revue d’études comparatives Est-Ouest | 55 | 2 | 2025-07-09 | p. 13-31 | 0338-0599 |
| 856 41 - ELECTRONIC LOCATION AND ACCESS | |
| Uniform Resource Identifier | <a href="https://shs.cairn.info/journal-revue-detudes-comparatives-est-ouest-2024-2-page-13?lang=en&redirect-ssocas=7080">https://shs.cairn.info/journal-revue-detudes-comparatives-est-ouest-2024-2-page-13?lang=en&redirect-ssocas=7080</a> |
Pas d'exemplaire disponible.




Réseaux sociaux